|
|
|
|
| LEADER |
00000ny a22000003n 4500 |
| 005 |
20110510140450.0 |
| 008 |
100413c18899999sz ur pss 0 a0fre d |
| 035 |
|
|
|a 2392
|
| 040 |
|
|
|a BUS
|d vLex
|
| 090 |
|
|
|c 1565
|d 1565
|
| 245 |
3 |
0 |
|a Tribunal Fďřal
|h [Recurso electrn̤ico]
|
| 256 |
|
|
|a Servicio en ln̕ea
|
| 260 |
|
|
|a [Suiza] :
|b [s.n.]
|
| 650 |
0 |
4 |
|a Derecho
|x Publicaciones perid̤icas
|
| 650 |
0 |
4 |
|a Sentencias
|z Suiza
|x Publicaciones perid̤icas
|
| 650 |
0 |
4 |
|a Tribunales
|z Suiza
|x Publicaciones perid̤icas
|
| 740 |
0 |
|
|a vLex Revista (Servicios en ln̕ea)
|
| 843 |
|
|
|a Electrn̤ica. Abierta
|
| 853 |
|
|
|8 1
|i (year)
|j (month)
|k (day)
|
| 856 |
4 |
0 |
|z Acceso restringido
|u http://vlex.com/account/login_ip?fuente_id=2392
|
| 942 |
|
|
|c REV
|